| 000 | 00661 a2200205 4500 | ||
|---|---|---|---|
| 999 |
_c2238 _d2238 |
||
| 020 | _a9781526410924 | ||
| 050 | _aLB 1585 PEA 2017 | ||
| 100 | 1 |
_aPeacock, Graham _eAuthor |
|
| 245 | 1 | 0 |
_aPrimary science : _cGraham Peacock, John Sharp, Rob Johnsey and Debbie Wright _bknowledge and understanding / |
| 250 | _a8th edition. | ||
| 264 | 1 |
_aThousand Oaks, CA: _bSage, _c2017 |
|
| 300 |
_avii, 269p. : _bill. |
||
| 500 | _aIncludes index | ||
| 650 |
_aElementary Education _xScience |
||
| 700 |
_aSharp, John _eAuthor |
||
| 700 |
_aWright, Debbie _eAuthor |
||
| 700 |
_aJohnsey, Rob _eAuthor |
||
| 942 |
_2lcc _cBK _e8th ed. _h1585 _iPEA _kLB |
||